Euro je svetová mena kto všetko vymení svoju národnú menu za globálny peniaz

Pohľad na spoločnú menu euro do minulosti a zamyslenie nad jej budúcnosťou. Spoločná mena znamená spoločná ekonomická politika. Scenár procesu prechodu na euro v troch fázach, ktorý trval 9 rokov. Princípy konvergencie - konvergenčné kritériá. Postavenie Európskej centrálnej banky (ECB). Euro ako sv...

Descripción completa

Guardado en:
Detalles Bibliográficos
Autor principal: Baláž, Vladimír
Formato: Capítulo de libro
Lenguaje:eslovaco
Materias:
Etiquetas: Agregar Etiqueta
Sin Etiquetas, Sea el primero en etiquetar este registro!

MARC

LEADER 00000naa$a2200000$$$4500
001 0025413
005 20231019082607.9
041 0 |a slo 
044 |a SK 
245 1 0 |a Euro je svetová mena  |b kto všetko vymení svoju národnú menu za globálny peniaz  |c Vladimír Baláž 
520 |a Pohľad na spoločnú menu euro do minulosti a zamyslenie nad jej budúcnosťou. Spoločná mena znamená spoločná ekonomická politika. Scenár procesu prechodu na euro v troch fázach, ktorý trval 9 rokov. Princípy konvergencie - konvergenčné kritériá. Postavenie Európskej centrálnej banky (ECB). Euro ako svetová mena. 
610 2 0 |a integrácia menová 
610 2 0 |a mena 
610 2 0 |a euro 
610 2 0 |a história 
610 2 0 |a Európska menová únia 
610 2 0 |a politika menová 
610 2 0 |a Európska centrálna banka 
100 1 |a Baláž, Vladimír